00362 a2200133 4500000002500000100002800025110002800053245004200081250001900123260003000142264003000172942000700202999001900209 nam a22 7a 4500 aPunnya, Lalita Ishwarn  aPunnya, Lalita Ishwarn  aHealth Education and Sports Nutrition aLatest edition bKhel Sahitya Kendrac2025 bKhel Sahitya Kendrac2025 cBK c393701d393701